[Event "QCD-Prof Lim Kok Ann GM 2018"]
[Site "Singapore"]
[Date "2018.06.09"]
[Round "4"]
[White "Lee, Qing Aun"]
[Black "Batchuluun, Tsegmed"]
[Result "0-1"]
[WhiteElo "2339"]
[BlackElo "2561"]
[Annotator "TA"]
[PlyCount "114"]
[EventDate "2018.06.12"]
[EventType "tourn"]
[SourceTitle "playchess.com"]
[Source "ChessBase"]
[SourceQuality "1"]

{[%evp 17,114,0,0,0,0,0,0,-9,0,-29,-29,-22,-21,-38,-40,-41,-40,-62,-62,-58,-65,-80,-53,-72,-45,-37,-43,-95,-87,-93,-63,-70,-57,-71,-66,-77,-80,-73,-68,-69,-65,-73,-78,-67,-56,-116,-124,-108,-112,-120,-118,-174,-177,-230,-214,-225,-230,-228,-217,-225,-225,-228,-224,-350,-377,-382,-370,-398,-392,-398,-391,-383,-374,-479,-440,-615,-604,-830,-559,-597,-564,-580,-572,-894,-882,-806,-658,-865,-833,-796,-764,-781,-779,-733,-693,-973,-948,-1195,-1130]} 1. e4 e5 2. Nf3 Nc6 3. Bc4 Bc5 4. c3 Nf6 5. d4 exd4 6. cxd4 Bb4+ 7. Bd2 Nxe4 8. Bxb4 Nxb4 {[#]} 9. Bxf7+ $1 {[%mdl 512]} Kxf7 10. Qb3+ {C54: Giuoco Piano: 4 c3 Nf6, main lines with 5 d4 and 5 d3} Kf8 {[%cal Bf7f8,Bf8e7,Be7d7][%mdl 32] Threatens to win with ...Nc6.} 11. Qxb4+ Qe7 $1 {[%cal Re7b4]} 12. Qxe7+ {The position is equal.} Kxe7 13. Nc3 (13. O-O {is more complex.} Kd8 14. Re1 Nf6 15. Nc3 d6 16. d5) (13. O-O Kd8 14. Re1 Nf6 15. Nc3 d6 16. Ng5 Rf8 17. f3 a5 {½-½ (27) McShane,L (2647)-Matlakov,M (2707) Batumi 2018}) 13... Nxc3 14. bxc3 d6 15. O-O Be6 16. Nd2 $146 ({Predecessor:} 16. Rfe1 Kd7 17. Nd2 Rhe8 {½-½ (29) Jansen,D (2166)-Rafiee,M (2316) Schwaebisch Gmuend 2017}) 16... Kd7 17. f4 Rhf8 18. a3 Rae8 19. Rae1 b6 20. Re3 c5 21. dxc5 bxc5 22. h3 (22. Rb1 $15) 22... Bd5 $17 23. Rd3 Kc6 24. c4 Be4 25. Rc3 Bg6 26. Rf2 Re1+ 27. Kh2 Rfe8 28. f5 Bf7 29. Rg3 g6 {[%cal Bg7g6,Bg6g5][%mdl 32]} 30. f6 R8e2 31. Rxe2 (31. Rgf3 $1 $15) 31... Rxe2 $15 {[%mdl 4096] Endgame KRB-KRN} 32. Rd3 g5 33. Kg3 Bg6 34. Nf1 (34. Nf3 $17) 34... Kd7 $1 $19 (34... Bxd3 35. f7 $11) 35. Rf3 (35. Rd2 $142 Rxd2 36. Nxd2) 35... Ke6 36. Ne3 h5 {[%cal Bh7h5,Bh5h4][%mdl 32]} 37. Nf5 h4+ (37... Bxf5 38. Rxf5 $1 {[%mdl 512]} Re5 39. Rxe5+ dxe5 40. Kf3 $11) 38. Kh2 Re4 $1 ({Don't take} 38... Bxf5 39. Rxf5 $1 {[%mdl 512]} Re5 40. Rf2 $17) 39. g3 Rxc4 ({Don't play} 39... Bxf5 40. Rxf5 $1 {[%mdl 512]} Kf7 41. Rxg5) 40. Nh6 {[#]} (40. Ne7 $142 Bh5 41. g4) 40... hxg3+ $1 41. Kxg3 {Hoping for f7.} Rf4 42. Re3+ Kxf6 43. Ng4+ Kg7 44. Re7+ Rf7 45. Re6 Rd7 {Black is clearly winning.} 46. Nf2 c4 47. Kg4 Kf7 48. Re1 Kf6 49. Kf3 Bf5 50. Nd1 d5 51. Ne3 Bxh3 52. Kg3 Be6 53. Rf1+ Ke7 54. Re1 Kd6 55. Nc2 Bf5 56. Ne3 Bd3 57. Ng4 Re7 {Precision: White = 52%, Black = 87%.} 0-1

[Event "QCD-Prof Lim Kok Ann GM 2018"]
[Site "Singapore"]
[Date "2018.06.09"]
[Round "4"]
[White "Gong, Qianyun"]
[Black "Sukandar, Irine Kharisma"]
[Result "0-1"]
[WhiteElo "2300"]
[BlackElo "2396"]
[Annotator "TA"]
[PlyCount "80"]
[EventDate "2018.06.12"]
[EventType "tourn"]
[SourceTitle "playchess.com"]
[Source "ChessBase"]
[SourceQuality "1"]

{[%evp 21,80,0,18,0,0,0,0,0,17,0,48,0,0,-6,8,24,9,30,18,0,0,0,0,-64,-72,-66,-28,-106,-110,-112,-116,-148,-148,-142,-148,-171,-163,-159,-161,-160,-172,-245,-244,-246,-246,-241,-256,-255,-239,-300,-307,-309,-273,-360,-364,-512,-507,-592,-540,-635,-613]} 1. e4 e5 2. Nf3 Nc6 3. Bc4 Bc5 4. O-O Nf6 5. d3 d6 6. c3 h6 7. a4 {C54: Giuoco Piano: 4 c3 Nf6, main lines with 5 d4 and 5 d3} a5 8. Re1 O-O 9. Nbd2 Be6 10. h3 Re8 11. Bb5 Bd7 {LiveBook: 3 Games} 12. Nb3 $146 ({Predecessor:} 12. Nc4 Nb8 13. Bxd7 Nbxd7 14. Bd2 Nb6 15. b3 {1-0 (39) Kramnik,V (2789)-Anand,V (2775) Leuven 2017}) 12... Bb6 13. Be3 Bxe3 14. Rxe3 Nh5 15. d4 Nf4 16. Qd2 (16. Bxc6 $5 bxc6 17. dxe5 $14) 16... b6 17. Rd1 Ng6 18. dxe5 Ncxe5 19. Nxe5 Nxe5 20. Rg3 Bxb5 21. axb5 Ng6 22. f4 ({White should try} 22. Re1 $11) 22... Qf6 23. f5 Nf8 24. Qf4 (24. Re3 $11) 24... Re5 $17 25. Nd4 Rae8 $36 {[%mdl 2048] Keeping White busy.} 26. Re3 {[#]} Ne6 $1 {[%cal Re6f4][%mdl 512]} 27. Nxe6 (27. fxe6 Qxf4) 27... fxe6 28. Rg3 exf5 29. exf5 Rxf5 30. Qc4+ Qf7 31. Qc6 (31. Qd3 $142) 31... Rc5 $19 32. Qb7 Rxb5 33. Rf1 Qe7 34. c4 Re5 ({Not} 34... Rxb2 35. Qd5+ Kh8 36. Rf7 $17) 35. Kh2 Rc5 36. Rf4 Rg5 37. Rgf3 Qe5 38. Kh1 (38. Qc6 $142) 38... Qxb2 {[%csl Gg5][%cal Rb2g2] Black is clearly winning.} 39. Rf2 Qa1+ 40. Rf1 Re1 {Precision: White = 34%, Black = 74%.} 0-1

[Event "QCD-Prof Lim Kok Ann GM 2018"]
[Site "Singapore"]
[Date "2018.06.10"]
[Round "5"]
[White "Batchuluun, Tsegmed"]
[Black "Gong, Qianyun"]
[Result "1-0"]
[WhiteElo "2561"]
[BlackElo "2300"]
[Annotator "TA"]
[PlyCount "133"]
[EventDate "2018.06.12"]
[EventType "tourn"]
[SourceTitle "playchess.com"]
[Source "ChessBase"]
[SourceQuality "1"]

{[%evp 17,133,69,58,32,37,35,33,33,75,39,133,60,68,75,77,71,67,12,28,20,3,-13,-8,-10,-10,-10,-10,-8,-19,-13,-12,-9,0,0,0,0,0,-10,-11,-15,0,0,0,0,0,0,12,7,41,4,83,83,83,83,83,83,87,83,88,83,87,70,57,28,79,28,41,40,261,260,349,179,128,41,187,198,356,343,543,529,445,275,587,494,593,566,546,511,820,813,812,731,7316,6509,5612,5605,4594,1760,1058,8,4598,0,0,0,0,0,0,0,0,0,29977,29978,29978,29979,29979,29980,29980,29981]} 1. d4 Nf6 {[%cal Bg8f6,Bf6e4,Be4c3][%mdl 32]} 2. c4 e6 3. Nf3 b6 4. g3 Bb7 5. Bg2 g6 6. Nc3 {E16: Queen's Indian: 4 g3 Bb7 5 Bg2 Bb4+} (6. O-O Bg7 7. Nc3 Ne4 8. Nxe4 Bxe4 9. Ne5 Bxg2 10. Kxg2 c5 11. Be3 Bxe5 12. dxe5 Qc7 13. Bd2 Nc6 14. Bc3 O-O-O 15. f4 h5 16. e3 g5 {0-1 (39) Fedoseev,V (2731)-Rodshtein,M (2695) Tbilisi 2017}) 6... Ne4 7. d5 Nxc3 8. Qd4 f6 9. Qxc3 Bg7 {LiveBook: 4 Games} 10. O-O O-O 11. Rd1 $146 ({Predecessor:} 11. e4 f5 12. e5 exd5 13. cxd5 Bxd5 {1-0 (26) Urkedal,F (2492)-Agdestein,S (2627) Norway 2014}) 11... e5 12. e4 Qe7 13. b4 a5 (13... d6 $14) 14. a3 (14. d6 $1 $16 {[%cal Rd6e7]} cxd6 15. b5) 14... axb4 15. axb4 {aiming for Rxa8.} Rxa1 16. Qxa1 {And now Qa7 would win.} Na6 17. c5 (17. Bd2 $14) 17... Ra8 $1 $11 ({Don't play} 17... bxc5 $6 18. b5 $16) ({But not} 17... Nxb4 $2 18. Qa7 $18) 18. cxb6 Qxb4 19. bxc7 (19. Be3 {with more complications.} Bf8 20. Qb1 cxb6 21. Bxb6 Qa4 22. Be3) 19... Nxc7 20. Qb2 Qxb2 21. Bxb2 Ra2 22. Rb1 {Black must now prevent Bxe5.} Ba6 {Threatens to win with ...Bd3.} 23. Bf1 Bxf1 24. Kxf1 Ra4 25. Rc1 Ne8 26. Nd2 Nd6 27. f3 Bh6 28. Ke2 Ra2 29. Rc2 Kf7 30. Kd3 Nb5 31. Nc4 Ra6 32. Rf2 g5 33. Rf1 Kg6 (33... Ra4 $11 {keeps the balance.}) 34. Rb1 $16 Nd6 35. Nxd6 Rxd6 {[%mdl 4096] Endgame KRB-KRB} 36. Bc3 Ra6 37. Rb7 d6 38. g4 Bf8 39. Kc4 Ra2 40. Bb2 (40. Rb8 $5 {[%cal Rb8f8]} Be7 41. Rb7 $16) 40... Ra5 (40... Ra8 $11 {remains equal.}) 41. Kb3 (41. h3 $16) 41... Ra8 $11 42. Ba3 Ra6 $2 (42... Rd8 $14) 43. h3 $18 h6 44. Kb2 (44. Rd7 $142 Rb6+ 45. Ka2) 44... Ra8 45. Bb4 (45. Rd7 $1 $16) 45... Ra6 (45... Rd8 $1 $14) 46. Rd7 $1 Rb6 $2 (46... h5 47. gxh5+ Kxh5) 47. Kc3 Ra6 (47... h5 $142 48. gxh5+ Kxh5) 48. Kc4 Rb6 49. Rc7 Ra6 $2 (49... Rb8 {is more resistant.} 50. Rd7 Rc8+ 51. Kd3 Rc1) 50. Rc6 Ra1 51. Bxd6 Bxd6 52. Rxd6 {KR-KR} Rf1 (52... Kf7 $142 53. Rd7+ Ke8) 53. Rd7 Rxf3 54. d6 Rxh3 55. Re7 Re3 56. Kd5 h5 57. gxh5+ Kxh5 58. d7 $2 ({White should try} 58. Rf7 $18 Rd3+ 59. Ke6) 58... Kg4 $2 {[%mdl 8192] [#]} (58... Rd3+ $11 59. Kc6 Kg4) 59. Ke6 $2 ({White must play} 59. Rf7 $1 $18 {[%cal Rf7f6]} Rd3+ 60. Kc6 Rc3+ 61. Kb6) 59... Rd3 $11 60. Re8 Kf4 61. d8=Q Rxd8 62. Rxd8 {Strongly threatening Kd5.} Kxe4 63. Kxf6 {KR-KPP} g4 $2 {[%mdl 8192] [#]} (63... Kf4 $11) 64. Kg5 $1 {[%cal Rg5g4] White mates.} g3 65. Kg4 g2 66. Rd1 Ke3 67. Kg3 {Precision: White = 54%, Black = 40%.} 1-0

[Event "QCD-Prof Lim Kok Ann GM 2018"]
[Site "Singapore"]
[Date "2018.06.10"]
[Round "5"]
[White "Goh, Wei Ming Kevin"]
[Black "Munkhgal, Gombosuren"]
[Result "1-0"]
[WhiteElo "2477"]
[BlackElo "2435"]
[Annotator "TA"]
[PlyCount "111"]
[EventDate "2018.06.12"]
[EventType "tourn"]
[SourceTitle "playchess.com"]
[Source "ChessBase"]
[SourceQuality "1"]

{[%evp 14,111,46,47,122,116,112,80,72,85,110,98,105,118,127,86,89,78,86,73,75,90,85,77,106,112,116,95,98,93,87,63,89,83,120,96,151,105,124,131,135,136,139,131,194,165,187,187,187,192,190,187,177,184,169,150,164,140,147,147,146,0,185,140,137,131,147,143,137,106,95,91,100,100,96,56,160,159,171,185,244,223,316,308,416,415,415,415,415,402,460,15,740,679,745,670,707,474,1213,1426]} 1. e4 {[%cal Be2e4,Be4e5][%mdl 32]} e6 2. d4 d5 3. Nd2 Nc6 4. Ngf3 Nf6 5. e5 Nd7 6. Nb3 a5 7. a4 {C04: Französische Verteidigung (Tarrasch-Variante)} f6 8. Bb5 {LiveBook: 8 Partien} Be7 {[#]} (8... fxe5 $14 9. dxe5 Nc5) (8... fxe5 9. dxe5 Nc5 10. Bg5 Qd7 11. Nbd4 Ne4 12. O-O Bc5 13. Be3 O-O 14. c4 dxc4 15. Rc1 {1-0 (43) Demchenko,A (2649)-Bernadskiy,V (2570) Teheran 2017}) 9. exf6 $1 $16 {Weiß steht besser.} Bxf6 10. Bf4 $146 ({Vorgänger:} 10. O-O O-O 11. Re1 Qe7 12. Bf4 Ndb8 13. Qd2 b6 14. Qc3 Bb7 15. Re2 {1-0 (45) Karthikeyan,M (2498)-Rathnakaran,K (2447) Thiruvarur 2015}) 10... O-O 11. O-O Ne7 12. c3 Nf5 13. Re1 Re8 14. Nc1 c6 15. Bd3 Nf8 16. h3 b6 17. Bc2 Ba6 18. Nd3 Bxd3 19. Bxd3 Ra7 20. Ne5 Bxe5 21. Bxe5 (21. Rxe5 $6 Ng6 $11) 21... Rf7 22. Qg4 Nd7 23. Bh2 Nf6 24. Qf4 h6 (24... Nh5 $142 25. Qe5 Nf6) 25. Qd2 c5 26. Rad1 c4 27. Bc2 Qd7 28. Re2 Rff8 (28... Nh7 $16 29. Rde1 Nf8) 29. Rde1 $18 Nd6 30. f3 Re7 31. Re3 Nf7 32. R1e2 Rfe8 33. Qe1 Qc6 34. Qg3 Nd7 35. Qg6 Nf8 36. Qh5 Nd7 37. Qg6 (37. Qh4 $16) 37... Ng5 $2 {[#]} (37... Nf8 $11 {und Schwarz ist OK.} 38. Qg3 Rd8) 38. f4 Nf8 39. Qh5 Ne4 40. Bxe4 dxe4 41. Qb5 $36 {[%mdl 2048] Weiss bestimmt, wo es lang geht.} Qxb5 42. axb5 Rd7 43. Rxe4 Rd5 44. Re5 Red8 ({Lieber} 44... Rxe5 $14 45. Rxe5 (45. fxe5 Rd8 $16) 45... Kf7) 45. g4 Kf7 46. f5 Rxe5 (46... exf5 $142 47. gxf5 Rxe5 48. Rxe5 (48. Bxe5 Rd5 $16) 48... Re8 49. Rxe8 Kxe8) 47. Rxe5 {[%mdl 4096] Endspiel KTL-KTS} ({Und nicht} 47. dxe5 g6 $11) ({Bloß nicht} 47. Bxe5 $6 exf5 48. Rf2 (48. gxf5 Rd5 $16) 48... g6 $16) 47... Re8 (47... g6 $142 48. fxg6+ Kxg6) 48. Kf2 Nd7 49. Rxe6 Rxe6 50. fxe6+ Kxe6 {KL-KS} 51. Bc7 a4 {Falls Schwarz jetzt zu ...Sf6 käme, bestünde noch etwas Hoffnung.} 52. h4 $2 ({Besser ist} 52. Kf3 $18 {Schwarz muss nun h4 beachten.} g6 53. h4) 52... g6 $2 {[%mdl 8192]} (52... Nf6 $11) 53. Kf3 {Weiß steht klar auf Gewinn.} Kd5 54. Kf4 Ke6 {und die Idee ...Sf6 ließe Schwarz weiter hoffen.} 55. g5 h5 (55... hxg5+ $142 56. Kxg5 Kf7) 56. Ke4 {Precision: Weiß = 61%, Schwarz = 40%.} 1-0

[Event "QCD-Prof Lim Kok Ann GM 2018"]
[Site "Singapore"]
[Date "2018.06.10"]
[Round "5"]
[White "Nguyen, Anh Dung"]
[Black "Gareyev, Timur"]
[Result "1-0"]
[WhiteElo "2465"]
[BlackElo "2611"]
[Annotator "TA"]
[PlyCount "135"]
[EventDate "2018.06.12"]
[EventType "tourn"]
[SourceTitle "playchess.com"]
[Source "ChessBase"]
[SourceQuality "1"]

{[%evp 15,135,24,21,22,26,22,28,0,10,12,18,16,20,14,16,17,20,13,25,25,30,8,8,8,12,1,13,17,16,10,26,21,33,26,27,26,31,25,39,45,43,36,24,0,0,0,6,0,24,0,0,0,15,-9,0,-22,0,-28,0,-7,25,24,25,25,24,0,17,-52,-51,-41,-36,-52,0,-42,0,0,0,0,0,0,0,0,0,0,199,205,295,305,297,283,275,244,275,289,529,513,804,154,29983,29984,29984,29984,29977,29978,29985,29981,29994,5214,29981,0,29994,29995,29995,29994,29994,29995,29995,29996,29997,29998,29998,29999]} 1. d4 Nf6 2. c4 e6 3. Nf3 a6 4. Nc3 c5 5. e4 cxd4 6. Nxd4 Bb4 7. Bd3 Nc6 8. Be3 Ne5 {LiveBook: 3 Games. B41: Sicilian: Kan Variation: 5 c4} (8... Qc7 9. Rc1 b6 10. O-O Nxd4 11. Bxd4 Bc5 12. Be2 Bb7 13. Qd3 Bxd4 14. Qxd4 Qc5 15. Qd3 Bc6 16. a3 {1-0 (42) Dominguez Perez,L (2719)-Polgar,J (2680) Moscow 2009}) 9. O-O Bxc3 10. bxc3 Qc7 {The position is equal.} 11. h3 b6 $146 ({Predecessor:} 11... Nxc4 12. Bg5 Nb2 13. Qd2 Nxd3 14. Qxd3 Qe5 15. Bxf6 gxf6 16. f4 Qc5 {½-½ (41) Travkina,A (2292)-Ambartsumova,K (2280) Sochi 2016}) 12. Rb1 Bb7 13. f3 d6 14. Be2 O-O 15. Qb3 Ned7 16. Nc2 {[%cal Re3b6]} Rfb8 $1 17. Rfd1 (17. Bxb6 Qc8 $17) 17... Ne8 18. Bf1 Bc6 19. Nd4 Nc5 20. Qa3 Bd7 21. Rd2 h6 22. Bf2 Nf6 23. Nb3 {[%cal Bd4b3,Bb3a1,Ba1c2,Bc2e3][%mdl 32]} Be8 24. Rbd1 Nb7 25. Bg3 {[%cal Rg3d6]} e5 26. Na1 Bd7 27. Nc2 Be6 28. Ne3 b5 29. Bf2 bxc4 30. Kh1 Rd8 31. Kg1 a5 32. Kh1 Rab8 33. Kg1 Rbc8 34. Kh1 Nc5 35. Kg1 Kh7 36. Be2 Kh8 37. Bf1 Qc6 38. Qxa5 Nd3 39. Bxd3 Ra8 40. Qb4 Rdb8 41. Bxc4 (41. Nxc4 $11 Rxb4 42. cxb4) 41... Rxb4 $15 42. cxb4 Bxc4 43. Rc1 $1 Ra4 (43... d5 $6 44. exd5 Qd6 45. Rxc4 $14) (43... Qb5 $15 44. Rxc4 Ra4) 44. Rxc4 Qa6 45. Rb2 $36 {[%mdl 2048] And now b5 would win. White is pushing.} Rxa2 46. b5 $1 {[%cal Rb5a6]} Qa3 47. Rxa2 Qxa2 48. b6 Qb1+ 49. Nf1 {Hoping for Rc7.} d5 $2 {[#]} (49... Nh5 $11 {and Black is okay.}) 50. Rc7 $1 $18 {b7 is the strong threat.} d4 (50... dxe4 {was called for.} 51. b7 Ne8) 51. b7 Kh7 52. Rxf7 Nh5 53. Kh2 Nf4 54. Bg3 Kg6 $2 (54... Qxf1 {was necessary.} 55. Bxf4 Qb5) 55. Nd2 Qb2 {[#]} (55... Qb4 $142 56. Rc7 d3) 56. Rc7 $2 (56. Bxf4 $1 $18 {[%mdl 512] is the precise move to win.} exf4 57. Nc4) 56... Kh5 $2 ({Don't blunder} 56... Qxd2 $2 57. Bxf4 Qxf4+ 58. Kh1 $18) (56... Nxg2 $16 57. Rxg7+ (57. Kxg2 Qxd2+ 58. Kh1 Qd1+ 59. Kh2 Qe2+ 60. Kg1 Qd1+ 61. Kh2 Qe2+ 62. Kg1 Qd1+ 63. Kg2 Qe2+ 64. Kh1 Qb5 $11) (57. Bxe5 Ne3 $11) 57... Kh5) 57. Bxf4 exf4 {[%mdl 4096] Endgame KQ-KRN} 58. Nc4 Qb4 59. Rxg7 d3 60. e5 Kh4 61. Rg4+ Kh5 62. Rg7 Kh4 63. Nd6 {White mates.} d2 64. Rg4+ Kh5 65. Ne8 {[%cal Re8g7]} Qe7 66. b8=Q d1=Q 67. Ng7+ Qxg7 68. Qe8+ {Precision: White = 61%, Black = 44%.} 1-0

[Event "QCD-Prof Lim Kok Ann GM 2018"]
[Site "Singapore"]
[Date "2018.06.10"]
[Round "5"]
[White "Liu, Xiangyi"]
[Black "Lee, Qing Aun"]
[Result "1-0"]
[WhiteElo "2449"]
[BlackElo "2339"]
[Annotator "TA"]
[PlyCount "85"]
[EventDate "2018.06.12"]
[EventType "tourn"]
[SourceTitle "playchess.com"]
[Source "ChessBase"]
[SourceQuality "1"]

{[%evp 18,85,-26,-28,-25,-35,0,0,0,0,11,0,4,0,6,0,82,35,39,39,101,93,86,93,168,172,190,190,190,190,190,190,190,168,182,158,144,69,70,70,317,317,317,317,312,322,322,308,303,290,322,314,306,298,422,387,541,478,520,308,932,795,1100,992,999,1027,1726,1625,6083,5650]} 1. f4 c5 2. Nf3 Nc6 3. g3 g6 4. Bg2 Bg7 5. O-O d5 6. d3 Nf6 7. c3 O-O 8. Qe1 b6 9. e4 {A03: Bird's Opening with 1...d5} (9. Na3 Ba6 10. Rb1 b5 11. Nc2 b4 12. cxb4 cxb4 13. Kh1 Rb8 14. Ne5 Nxe5 15. fxe5 Ng4 16. Nxb4 Bb7 {1-0 (48) Szalai,K (2397)-Vajda,S (2364) Hungary 2018}) 9... dxe4 10. dxe4 {LiveBook: 4 Games} e5 11. f5 {Black has an edge.} Qc7 12. Bg5 $146 ({Predecessor:} 12. Nh4 Ne7 13. Na3 Ba6 14. c4 Rad8 15. b3 Nc6 16. Bg5 Nd4 {0-1 (31) Karssen,H (2054)-Beerdsen,T (2282) Vlissingen 2014}) 12... Ba6 13. Bxf6 Bxf6 14. Rf2 Rad8 15. Nbd2 Qe7 16. Bf1 Bd3 (16... Bb7 $11 {keeps the balance.}) 17. Qe3 Qd7 18. g4 Be7 (18... Bg7 $14) 19. Nc4 $16 Bxf1 20. Raxf1 f6 (20... Qd3 $16 21. Qxd3 Rxd3) 21. Qh6 $18 Rf7 22. fxg6 hxg6 {[#]} 23. Nfxe5 $1 ({Weaker is} 23. Ng5 Rg7 $15) 23... Nxe5 24. Nxe5 fxe5 25. Rxf7 $40 {[%csl Gf7][%cal Rh6h7][%mdl 128] White is out for blood.} Qxg4+ 26. Kh1 {[%csl Gf7][%cal Rh6h7]} Qxe4+ 27. R7f3 (27. R1f3 $16 {[%csl Gf7][%cal Rh6h7]} Rd1+ 28. Kg2 Qg4+ 29. Rg3 Qxg3+ 30. hxg3 Kxf7 31. Qh7+ Kf6 32. g4 Rd2+ 33. Kf3) 27... Rf8 28. Qh3 c4 $2 ({Black should play} 28... Bg5 $1 $14) 29. Qg2 {[#] Intending Rxf8+ and mate.} Rxf3 30. Qxf3 ({Not} 30. Rxf3 Qb1+ 31. Rf1 Qd3 $16) 30... Qxf3+ 31. Rxf3 {[%mdl 4096] Endgame KR-KB} Kg7 32. Kg2 Bg5 33. Rf2 Bf4 34. Kf3 Kf6 35. Ke4 g5 (35... Ke6 $142 36. h3 g5) 36. b3 cxb3 37. axb3 Ke6 38. b4 {[%cal Bb3b4,Bb4b5][%mdl 32]} Kd6 $2 (38... g4 39. Rg2 Kd6 40. Rxg4 Bxh2 41. Rg6+ Kc7) 39. h3 {White is clearly winning.} Bg3 40. Rf6+ Kc7 41. b5 Be1 42. c4 Bb4 43. Kd5 {Precision: White = 85%, Black = 35%.} 1-0

[Event "QCD-Prof Lim Kok Ann GM 2018"]
[Site "Singapore"]
[Date "2018.06.10"]
[Round "5"]
[White "Sukandar, Irine Kharisma"]
[Black "Tin, Jingyao"]
[Result "0-1"]
[WhiteElo "2396"]
[BlackElo "2445"]
[Annotator "TA"]
[PlyCount "124"]
[EventDate "2018.06.12"]
[EventType "tourn"]
[SourceTitle "playchess.com"]
[Source "ChessBase"]
[SourceQuality "1"]

{[%evp 17,124,8,13,6,15,6,11,18,11,0,16,-8,0,0,26,0,6,-12,37,0,38,6,37,10,25,9,29,0,198,209,202,208,209,-49,-25,-33,-22,-37,-43,-108,0,0,0,0,0,0,0,0,0,0,0,0,0,0,0,-19,-24,-24,10,10,10,7,9,0,11,0,0,0,53,0,0,0,30,16,8,8,8,0,22,-3,0,0,0,0,0,-33,-33,-48,-52,-214,-196,-193,-208,-308,-311,-302,-327,-485,-473,-594,-602,-695,-690,-656,-612,-29989,-29990,-29997,-29998]} 1. e4 e5 2. Nf3 Nc6 3. Bc4 Nf6 4. d3 Bc5 5. Nc3 a6 6. Nd5 {C50: Italienische Partie} h6 (6... Nxd5 7. Bxd5 d6 8. Be3 Bxe3 9. fxe3 O-O 10. O-O Nb8 11. b4 Nd7 12. Qd2 c6 13. Bb3 a5 {1-0 (37) Kramnik,V (2800)-Aronian,L (2794) Berlin 2018}) 7. c3 d6 8. O-O O-O 9. b4 Ba7 {LiveBook: 3 Partien} 10. Be3 Nxd5 11. Bxd5 Ne7 12. Bb3 Ng6 13. Nd2 Qf6 $146 ({Vorgänger:} 13... Qh4 14. Bxa7 Rxa7 15. Nc4 Kh8 {1-0 (40) Inkiov,V (2460)-Tomici,S (2310) Alba Iulia 2016}) 14. g3 Bh3 15. Re1 Ne7 16. Qh5 Be6 17. Rf1 a5 18. b5 Ng6 19. Bc4 Rfd8 20. Rab1 d5 21. exd5 Bxd5 22. Ne4 (22. Qg4 {with more complications.} Qe7 23. a4 Bxe3 24. fxe3 Bxc4 25. Qxc4 b6 26. Rbd1) 22... Qe7 $2 (22... Qe6 $1 $11 {und Schwarz steht sicher.}) 23. Bxd5 Rxd5 24. Bxa7 Rxa7 {[#]} 25. Qf5 $2 (25. f4 $1 $18) 25... Ra8 $15 26. c4 Rd4 27. b6 c6 28. c5 (28. Rbe1 $15) 28... Qd7 (28... Rd5 $17) 29. Qxd7 $11 Rxd7 30. Nd6 Nf8 31. Rfe1 Ne6 32. Rxe5 Nxc5 33. Nc4 $1 Nxd3 34. Rxa5 Rxa5 35. Nxa5 {[%mdl 4096] Endspiel KTS-KTS} Nc5 $1 36. Kf1 Kf8 37. Rc1 Na6 38. a3 Ke8 39. Ke2 Re7+ 40. Kd2 Kd8 41. Rc4 Kc8 $1 42. a4 Nb8 ({Besser ist} 42... Re5 $11 43. Nb3 Nb8) 43. Nb3 (43. Rd4 $14) 43... Nd7 44. a5 Ne5 45. Rc3 Rd7+ 46. Ke2 Rd5 $1 47. Re3 Rb5 48. Rc3 Nd7 49. Kd2 Nf6 {[#] Und weiter mit ...Se4+ wäre nett.} 50. Kc2 Nd5 51. Rf3 f6 52. h4 c5 {[%cal Bc6c5,Bc5c4][%mdl 32]} 53. Rf5 $2 ({Günstiger ist} 53. g4 $15) 53... c4 $19 54. Nd4 Rxa5 55. h5 (55. Rf3 {war einen Versuch wert.}) 55... Kd7 56. g4 Kd6 57. Kb2 (57. Rf3 $142) 57... Kc5 58. Ne6+ Kb4 59. Nc7 c3+ 60. Kc2 Ra2+ 61. Kb1 Kb3 62. Rf3 Re2 {Precision: Weiß = 26%, Schwarz = 60%.} 0-1